000 00350nam a2200133 i 4500
001 bg
245 0 _aAparatura kontrolno-pomiarowa i regulacyjna :
_bkonferencja naukowa, Zielona Góra 1980 r.
260 _aZielona Góra,
_c1980.
040 _cBPK
041 _apol
080 _a621.317
942 _cKS
008 s pl f |000 0 pol
999 _c19294
_d19294
856 _uhttp://koha.tu.koszalin.pl/cgi-bin/koha/opac-detail.pl?biblionumber=19294
_yKatalog online BPK